Từ điển Nga - Việt

Uloženo v:
Podrobná bibliografie
Hlavní autor: Nguyễn, Trọng Báu
Médium: Kniha
Jazyk:Undetermined
Vydáno: Hà Nội Bách khoa 2005
Témata:
Tagy: Přidat tag
Žádné tagy, Buďte první, kdo otaguje tento záznam!
Thư viện lưu trữ: Trung tâm Học liệu Trường Đại học Cần Thơ
LEADER 00582nam a2200193Ia 4500
001 CTU_96266
008 210402s9999 xx 000 0 und d
020 |c 45000 
082 |a 491.7003 
082 |b B111 
100 |a Nguyễn, Trọng Báu 
245 0 |a Từ điển Nga - Việt 
245 0 |c Nguyễn Trọng Báu, Phạm Danh Môn, Hoàng Thùy Dương 
260 |a Hà Nội 
260 |b Bách khoa 
260 |c 2005 
650 |a Russian language,Vietnamese language 
904 |i M.Loan 
980 |a Trung tâm Học liệu Trường Đại học Cần Thơ